000 00688cam a2200241 4500500
005 20260405002633.0
041 _afre
042 _adc
100 1 0 _aEnjalbert, Cédric
_eauthor
245 0 0 _aLa révolution du “oui ”
260 _c2018.
500 _a99
690 _aCarole Pateman
690 _aConsentement
690 _acontrat
690 _aEva Illouz
690 _aHarcèlement
690 _aManon Garcia
690 _aSexualité
690 _aTom Dougherty
786 0 _nPhilosophie magazine | 116 | 2 | 2018-02-01 | p. 30-30 | 1951-1787
856 4 1 _uhttps://shs.cairn.info/magazine-philosophie-magazine-2018-2-page-30?lang=fr&redirect-ssocas=7080
999 _c2059581
_d2059581